| 000 | 01044 a2200205 4500 | ||
|---|---|---|---|
| 003 | Nust | ||
| 005 | 20221007160446.0 | ||
| 010 | _a 2010046371 | ||
| 020 | _a9780470630211 (hardback) | ||
| 040 | _cNust | ||
| 082 | 0 | 0 | _a629.8932,COO |
| 100 | 1 |
_aCook, Gerald, _999498 |
|
| 245 | 1 | 0 |
_aMobile robots : _bnavigation, control and remote sensing / _cGerald Cook. |
| 260 |
_aHoboken, N.J. : _bWiley-IEEE Press, _c2011. |
||
| 300 | _axvi,307.p; | ||
| 505 | _aKinematic Models for Mobile Robots (Page-1), Mobile Robot Control (Page-11), Robot Attitude (Page-79), Robot Navigation (Page-95), Application of Kalman Filtering (Page-149), Remote Sensing (Page-191),Target Tracking Including Multiple Targets with Multiple Sensors (Page-225),Obstacle Mapping and its Application to Robot Navigation (Page-247), Operating a Robotic Manipulator (Page-265), Remote Sensing via UAVS (Page-295). | ||
| 650 | 0 |
_aTECHNOLOGY & ENGINEERING / Remote Sensing & Geographic Information Systems _999499 |
|
| 650 | 0 | _aTelecommunication Engineering | |
| 942 |
_cREF _2ddc |
||
| 999 |
_c189235 _d189235 |
||